[Event "2019 US Open Invitationals (Denker, Barber, Haring, Senior)"]
[Site "Orlando, United States"]
[Date "2019.08.03"]
[Round "1.4"]
[White "Bao, Chris"]
[Black "Guo, Arthur"]
[Result "1/2-1/2"]
[BlackTitle "IM"]
[WhiteElo "1994"]
[BlackElo "2429"]

1. e4 {[%clk 01:30:29]} {[%emt 02:24:09]} c5 {[%clk 01:30:22]} {[%emt
00:03:52]} 2. Nf3 {[%clk 01:30:53]} {[%emt 00:00:17]} d6 {[%clk 01:30:37]} 3.
d4 {[%clk 01:31:17]} {[%emt 00:00:07]} cxd4 {[%clk 01:30:55]} {[%emt 00:00:07]}
4. Nxd4 {[%clk 01:31:40]} {[%emt 00:00:22]} Nf6 {[%clk 01:31:03]} {[%emt
00:00:09]} 5. Nc3 {[%clk 01:32:03]} {[%emt 00:00:08]} a6 {[%clk 01:31:29]}
{[%emt 00:00:18]} 6. Bg5 {[%clk 01:32:26]} e6 {[%clk 01:31:17]} {[%emt
00:00:37]} 7. f4 {[%clk 01:32:49]} {[%emt 00:00:04]} Be7 {[%clk 01:31:10]}
{[%emt 00:00:35]} 8. Qf3 {[%clk 01:33:01]} {[%emt 00:00:23]} h6 {[%clk
01:31:31]} {[%emt 00:00:06]} 9. Bh4 {[%clk 01:33:25]} {[%emt 00:00:11]} Qc7
{[%clk 01:31:42]} {[%emt 00:00:21]} 10. O-O-O {[%clk 01:33:27]} {[%emt
00:00:46]} Nbd7 {[%clk 01:32:05]} 11. Bd3 {[%clk 01:32:08]} {[%emt 00:01:45]}
g5 {[%clk 01:32:20]} {[%emt 00:00:04]} 12. fxg5 {[%clk 01:31:18]} {[%emt
00:01:16]} Ne5 {[%clk 01:32:43]} {[%emt 00:00:19]} 13. Qe2 {[%clk 01:31:01]}
{[%emt 00:00:37]} Nfg4 {[%clk 01:31:22]} {[%emt 00:02:23]} 14. h3 {[%clk
01:29:18]} {[%emt 00:01:38]} hxg5 {[%clk 01:31:48]} {[%emt 00:00:18]} 15. Bg3
{[%clk 01:27:42]} {[%emt 00:01:53]} Nf6 {[%clk 01:31:41]} {[%emt 00:00:44]} 16.
Nf3 {[%clk 01:27:15]} {[%emt 00:00:48]} Nh5 {[%clk 01:28:42]} {[%emt 00:03:37]}
17. Bh2 {[%clk 01:25:09]} {[%emt 00:02:31]} Bd7 {[%clk 01:27:10]} {[%emt
00:02:01]} 18. Rhf1 {[%clk 01:22:56]} {[%emt 00:02:42]} Nf4 {[%clk 01:16:34]}
{[%emt 00:11:13]} 19. Bxf4 {[%clk 01:22:53]} {[%emt 00:00:31]} gxf4 {[%clk
01:17:01]} {[%emt 00:00:14]} 20. Nxe5 {[%clk 01:21:07]} {[%emt 00:02:02]} dxe5
{[%clk 01:17:27]} {[%emt 00:00:07]} 21. Qe1 {[%clk 01:19:12]} {[%emt 00:02:22]}
Rg8 {[%clk 01:14:44]} {[%emt 00:03:12]} 22. Rg1 {[%clk 01:18:20]} {[%emt
00:01:21]} Bc5 {[%clk 01:13:17]} {[%emt 00:01:57]} 23. Rf1 {[%clk 01:17:19]}
{[%emt 00:01:31]} O-O-O {[%clk 01:13:15]} {[%emt 00:00:31]} 24. Qe2 {[%clk
01:16:33]} {[%emt 00:01:17]} Be3+ {[%clk 01:13:11]} {[%emt 00:00:35]} 25. Kb1
{[%clk 01:16:54]} {[%emt 00:00:20]} Bd4 {[%clk 01:13:30]} 26. Bc4 {[%clk
01:13:48]} {[%emt 00:03:35]} Rg7 {[%clk 01:10:59]} {[%emt 00:03:02]} 27. Rd2
{[%clk 01:09:54]} {[%emt 00:04:20]} Rdg8 {[%clk 01:10:27]} {[%emt 00:01:02]} 28.
Bb3 {[%clk 01:08:39]} {[%emt 00:01:46]} Bc6 {[%clk 01:03:14]} {[%emt 00:07:43]}
29. Rf3 {[%clk 01:07:23]} {[%emt 00:01:46]} Be3 {[%clk 01:03:00]} {[%emt
00:00:45]} 30. g4 {[%clk 01:04:34]} {[%emt 00:03:18]} fxg3 {[%clk 01:00:45]}
{[%emt 00:02:47]} 31. Qxe3 {[%clk 01:04:56]} {[%emt 00:00:08]} g2 {[%clk
01:00:59]} {[%emt 00:00:17]} 32. Qg1 {[%clk 01:05:24]} {[%emt 00:00:04]} Qe7
{[%clk 00:52:41]} {[%emt 00:08:42]} 33. a3 {[%clk 01:04:03]} {[%emt 00:01:52]}
Qh4 {[%clk 00:49:15]} {[%emt 00:03:55]} 34. Rxf7 {[%clk 01:01:25]} {[%emt
00:03:07]} Rxf7 {[%clk 00:34:25]} {[%emt 00:15:20]} 35. Bxe6+ {[%clk 01:01:48]}
{[%emt 00:00:26]} Rd7 {[%clk 00:34:50]} {[%emt 00:00:20]} 36. Rxd7 {[%clk
01:00:58]} {[%emt 00:00:45]} Bxd7 {[%clk 00:35:16]} {[%emt 00:00:26]} 37. Bxg8
{[%clk 01:01:21]} Qxh3 {[%clk 00:33:56]} {[%emt 00:01:45]} 38. Qc5+ {[%clk
00:58:58]} {[%emt 00:02:44]} Kb8 {[%clk 00:26:41]} {[%emt 00:07:45]} 39. Ne2
{[%clk 00:59:16]} {[%emt 00:00:39]} Qg4 {[%clk 00:22:32]} {[%emt 00:04:13]} 40.
Bc4 {[%clk 00:57:51]} {[%emt 00:01:56]} Qxe4 {[%clk 00:21:47]} {[%emt
00:01:12]} 41. Qd6+ {[%clk 00:58:13]} {[%emt 00:00:36]} Kc8 {[%clk 00:20:22]}
{[%emt 00:01:28]} 42. Qc5+ {[%clk 00:58:16]} {[%emt 00:00:27]} Bc6 {[%clk
00:17:55]} {[%emt 00:03:08]} 43. Bd3 {[%clk 00:58:14]} {[%emt 00:00:23]} Qf3
{[%clk 00:08:13]} {[%emt 00:10:09]} 44. Ka2 {[%clk 00:56:15]} {[%emt 00:02:33]}
e4 {[%clk 00:06:20]} {[%emt 00:02:20]} 45. Ng1 {[%clk 00:56:07]} {[%emt
00:00:41]} Qf6 {[%clk 00:04:51]} {[%emt 00:02:00]} 46. Be2 {[%clk 00:56:00]}
{[%emt 00:00:43]} Kb8 {[%clk 00:04:45]} {[%emt 00:00:24]} 47. Qe3 {[%clk
00:55:23]} {[%emt 00:01:10]} Qf1 {[%clk 00:04:46]} {[%emt 00:00:28]} 48. Qc5
{[%clk 00:53:31]} {[%emt 00:03:02]} Qe1 {[%clk 00:04:20]} {[%emt 00:00:24]} 49.
Qd4 {[%clk 00:52:51]} {[%emt 00:01:10]} Qc1 {[%clk 00:04:29]} {[%emt 00:00:12]}
50. Qd1 {[%clk 00:51:36]} {[%emt 00:01:45]} Qe3 {[%clk 00:03:51]} {[%emt
00:01:08]} 51. Bc4 {[%clk 00:50:36]} {[%emt 00:01:31]} Qc5 {[%clk 00:03:14]}
{[%emt 00:01:31]} 52. Bb3 {[%clk 00:49:44]} {[%emt 00:00:57]} Qf2 {[%clk
00:02:50]} {[%emt 00:00:53]} 53. Nh3 {[%clk 00:48:26]} {[%emt 00:01:51]} Qe3
{[%clk 00:03:05]} {[%emt 00:00:14]} 54. Ng1 {[%clk 00:48:06]} {[%emt 00:00:54]}
Qf2 {[%clk 00:02:49]} {[%emt 00:00:45]} 55. Nh3 {[%clk 00:47:15]} {[%emt
00:01:17]} Qf6 {[%clk 00:02:14]} {[%emt 00:01:17]} 56. Qd2 {[%clk 00:45:55]}
{[%emt 00:01:39]} Qf3 {[%clk 00:01:19]} {[%emt 00:01:45]} 57. Qd8+ {[%clk
00:45:29]} {[%emt 00:00:38]} Ka7 {[%clk 00:01:46]} {[%emt 00:00:20]} 58. Qd4+
{[%clk 00:45:49]} {[%emt 00:00:05]} Ka8 {[%clk 00:02:02]} {[%emt 00:00:04]} 59.
Ng1 {[%clk 00:46:11]} {[%emt 00:00:07]} Qg3 {[%clk 00:02:02]} {[%emt 00:00:27]}
60. Ne2 {[%clk 00:44:46]} {[%emt 00:02:19]} Qe1 {[%clk 00:01:16]} {[%emt
00:00:51]} 61. Bc4 {[%clk 00:44:09]} {[%emt 00:01:12]} Qf1 {[%clk 00:00:36]}
{[%emt 00:01:08]} 62. Qb6 {[%clk 00:42:47]} {[%emt 00:01:51]} Qf6 {[%clk
00:00:35]} {[%emt 00:00:32]} 63. Qc7 {[%clk 00:41:33]} {[%emt 00:01:42]} Ka7
{[%clk 00:00:35]} {[%emt 00:00:44]} 64. Qf7 {[%clk 00:40:21]} {[%emt 00:01:27]}
Qf1 {[%clk 00:00:37]} {[%emt 00:00:28]} 65. Qg7 {[%clk 00:39:09]} {[%emt
00:01:42]} Qf2 {[%clk 00:00:38]} {[%emt 00:00:36]} 66. Qg4 {[%clk 00:37:56]}
{[%emt 00:01:56]} e3 {[%clk 00:00:34]} {[%emt 00:00:24]} 67. Qd4+ {[%clk
00:38:13]} {[%emt 00:00:06]} Ka8 {[%clk 00:00:54]} {[%emt 00:00:10]} 68. Qd8+
{[%clk 00:38:37]} {[%emt 00:00:14]} Ka7 {[%clk 00:01:19]} 69. Qd4+ {[%clk
00:39:03]} {[%emt 00:00:03]} Ka8 {[%clk 00:01:29]} {[%emt 00:00:18]} 70. Qd8+
{[%emt 00:00:08]} 1/2-1/2

[Event "2019 US Open Invitationals (Denker, Barber, Haring, Senior)"]
[Site "Orlando, United States"]
[Date "2019.08.03"]
[Round "1.5"]
[White "Schlyakhtenko, Robert"]
[Black "Nathan, Asher"]
[Result "1-0"]
[WhiteElo "2394"]
[BlackElo "1934"]

1. a3 {[%clk 01:30:28]} e5 {[%clk 01:29:49]} {[%emt 00:00:04]} 2. c4 {[%clk
01:30:50]} {[%emt 00:00:13]} Nc6 {[%clk 01:24:32]} {[%emt 00:05:39]} 3. e3
{[%clk 01:31:09]} {[%emt 00:00:37]} f5 {[%clk 01:15:32]} {[%emt 00:09:11]} 4.
d4 {[%clk 01:30:44]} {[%emt 00:00:57]} Nf6 {[%clk 01:08:30]} {[%emt 00:07:23]}
5. Nc3 {[%clk 01:28:36]} {[%emt 00:02:40]} a5 {[%clk 01:03:47]} {[%emt
00:05:10]} 6. dxe5 {[%clk 01:21:29]} {[%emt 00:07:36]} Nxe5 {[%clk 01:03:28]}
{[%emt 00:00:53]} 7. Nf3 {[%clk 01:21:48]} {[%emt 00:00:11]} d6 {[%clk
00:58:26]} {[%emt 00:05:31]} 8. Be2 {[%clk 01:18:47]} {[%emt 00:03:31]} Be7
{[%clk 00:55:02]} {[%emt 00:03:52]} 9. O-O {[%clk 01:12:47]} {[%emt 00:06:44]}
O-O {[%clk 00:53:46]} {[%emt 00:01:32]} 10. Nd4 {[%clk 01:11:13]} {[%emt
00:02:05]} Bd7 {[%clk 00:46:56]} {[%emt 00:07:18]} 11. Rb1 {[%clk 01:10:38]}
{[%emt 00:01:05]} Ng6 {[%clk 00:37:47]} {[%emt 00:09:39]} 12. f4 {[%clk
01:09:46]} {[%emt 00:01:31]} c6 {[%clk 00:32:31]} {[%emt 00:05:50]} 13. Qd3
{[%clk 01:09:34]} {[%emt 00:00:28]} Qc8 {[%clk 00:32:25]} {[%emt 00:00:38]} 14.
Bd2 {[%clk 01:06:53]} {[%emt 00:03:10]} Bd8 {[%clk 00:28:57]} {[%emt 00:03:57]}
15. Rbd1 {[%clk 01:06:57]} {[%emt 00:00:25]} Bb6 {[%clk 00:23:42]} {[%emt
00:05:48]} 16. Be1 {[%clk 01:03:58]} {[%emt 00:03:33]} Re8 {[%clk 00:21:57]}
{[%emt 00:02:08]} 17. Bf3 {[%clk 01:03:07]} {[%emt 00:01:22]} Kh8 {[%clk
00:19:31]} {[%emt 00:02:57]} 18. Bf2 {[%clk 01:02:34]} {[%emt 00:01:02]} Bc7
{[%clk 00:10:52]} {[%emt 00:09:10]} 19. g3 {[%clk 01:02:42]} {[%emt 00:00:22]}
Ne7 {[%clk 00:10:53]} {[%emt 00:00:28]} 20. Rfe1 {[%clk 01:02:47]} {[%emt
00:00:34]} d5 {[%clk 00:07:15]} {[%emt 00:03:59]} 21. cxd5 {[%clk 01:02:54]}
{[%emt 00:00:41]} cxd5 {[%clk 00:06:55]} {[%emt 00:00:33]} 22. Rc1 {[%clk
00:58:07]} {[%emt 00:05:17]} Qb8 {[%clk 00:05:05]} {[%emt 00:02:19]} 23. Ncb5
{[%clk 00:57:51]} {[%emt 00:00:54]} Bb6 {[%clk 00:04:41]} {[%emt 00:00:47]} 24.
Kg2 {[%clk 00:54:22]} {[%emt 00:03:59]} Ne4 {[%clk 00:04:19]} {[%emt 00:00:52]}
25. Re2 {[%clk 00:54:09]} {[%emt 00:00:43]} Bc6 {[%clk 00:01:27]} {[%emt
00:03:24]} 26. Be1 {[%clk 00:53:41]} {[%emt 00:00:56]} Ng8 {[%emt 00:01:52]}
1-0

[Event "2019 US Open Invitationals (Denker, Barber, Haring, Senior)"]
[Site "Orlando, United States"]
[Date "2019.08.03"]
[Round "1.6"]
[White "Province, Cael"]
[Black "Wang, Jason"]
[Result "1-0"]
[WhiteElo "1874"]
[BlackElo "2388"]

1. d4 {[%clk 01:30:28]} d5 {[%clk 01:30:22]} 2. c4 {[%clk 01:30:24]} {[%emt
00:00:28]} dxc4 {[%clk 01:30:47]} 3. e3 {[%clk 01:29:37]} {[%emt 00:01:09]} e5
{[%clk 01:30:53]} {[%emt 00:00:23]} 4. Bxc4 {[%clk 01:27:16]} {[%emt 00:02:50]}
exd4 {[%clk 01:31:09]} {[%emt 00:00:19]} 5. Nf3 {[%clk 01:20:49]} {[%emt
00:06:53]} Bb4+ {[%clk 01:30:14]} {[%emt 00:01:25]} 6. Bd2 {[%clk 01:19:05]}
{[%emt 00:02:14]} Bxd2+ {[%clk 01:30:38]} {[%emt 00:00:14]} 7. Qxd2 {[%clk
01:18:40]} {[%emt 00:00:52]} Nc6 {[%clk 01:24:35]} {[%emt 00:07:09]} 8. exd4
{[%clk 01:08:34]} {[%emt 00:09:54]} Nf6 {[%clk 01:21:02]} {[%emt 00:04:17]} 9.
Ne5 {[%clk 01:00:03]} {[%emt 00:08:49]} O-O {[%clk 01:09:30]} {[%emt 00:12:00]}
10. Nxc6 {[%clk 00:57:50]} {[%emt 00:02:53]} bxc6 {[%clk 01:09:55]} {[%emt
00:00:04]} 11. O-O {[%clk 00:57:43]} {[%emt 00:00:27]} Qd6 {[%clk 01:04:08]}
{[%emt 00:06:23]} 12. f3 {[%clk 00:54:10]} {[%emt 00:04:00]} Bf5 {[%clk
00:49:45]} {[%emt 00:14:52]} 13. Nc3 {[%clk 00:47:06]} {[%emt 00:07:34]} Rad8
{[%clk 00:45:05]} {[%emt 00:05:13]} 14. Rad1 {[%clk 00:46:40]} {[%emt
00:00:59]} Rd7 {[%clk 00:41:58]} {[%emt 00:03:31]} 15. Qg5 {[%clk 00:43:50]}
{[%emt 00:03:19]} Bc2 {[%clk 00:36:49]} {[%emt 00:05:39]} 16. Rd2 {[%clk
00:40:47]} {[%emt 00:03:35]} Qb4 {[%clk 00:33:40]} {[%emt 00:03:39]} 17. Bxf7+
{[%clk 00:39:38]} {[%emt 00:01:36]} Rfxf7 {[%clk 00:32:19]} {[%emt 00:02:17]}
18. Rxc2 {[%clk 00:39:43]} {[%emt 00:00:11]} Qxd4+ {[%clk 00:32:32]} {[%emt
00:00:11]} 19. Rcf2 {[%clk 00:37:08]} {[%emt 00:03:31]} Rfe7 {[%clk 00:29:45]}
{[%emt 00:02:48]} 20. Qc1 {[%clk 00:30:14]} {[%emt 00:07:22]} Re3 {[%clk
00:26:07]} {[%emt 00:04:11]} 21. Ne4 {[%clk 00:28:26]} {[%emt 00:02:42]} Rxe4
{[%clk 00:19:53]} {[%emt 00:06:20]} 22. fxe4 {[%clk 00:28:22]} {[%emt
00:00:31]} Nxe4 {[%clk 00:19:45]} {[%emt 00:01:14]} 23. Qc4+ {[%clk 00:28:19]}
1-0

[Event "2019 US Open Invitationals (Denker, Barber, Haring, Senior)"]
[Site "Orlando, United States"]
[Date "2019.08.03"]
[Round "1.7"]
[White "Rogers, Bradley"]
[Black "Sevillano, Enrico"]
[Result "0-1"]
[BlackTitle "GM"]
[WhiteElo "2072"]
[BlackElo "2528"]

1. d4 {[%clk 01:30:00]} {[%emt 02:07:59]} Nf6 {[%clk 01:18:56]} {[%emt
00:11:45]} 2. Nf3 {[%clk 01:30:07]} {[%emt 00:00:23]} c5 {[%clk 01:18:59]}
{[%emt 00:00:43]} 3. d5 {[%clk 01:28:39]} {[%emt 00:02:29]} e6 {[%clk
01:19:18]} 4. c4 {[%clk 01:25:47]} {[%emt 00:02:49]} exd5 {[%clk 01:19:22]}
{[%emt 00:00:27]} 5. cxd5 {[%clk 01:25:58]} {[%emt 00:00:16]} d6 {[%clk
01:19:50]} {[%emt 00:00:09]} 6. Nc3 {[%clk 01:25:49]} {[%emt 00:00:32]} g6
{[%clk 01:19:50]} {[%emt 00:00:37]} 7. g3 {[%clk 01:25:00]} {[%emt 00:01:12]}
Bg7 {[%clk 01:20:13]} {[%emt 00:00:37]} 8. Bg2 {[%clk 01:25:20]} O-O {[%clk
01:20:05]} {[%emt 00:00:24]} 9. O-O {[%clk 01:25:34]} {[%emt 00:00:32]} Re8
{[%clk 01:18:41]} {[%emt 00:01:59]} 10. h3 {[%clk 01:24:08]} {[%emt 00:01:29]}
a6 {[%clk 01:17:36]} {[%emt 00:01:40]} 11. a4 {[%clk 01:24:21]} {[%emt
00:00:14]} Ne4 {[%clk 01:18:04]} {[%emt 00:00:03]} 12. Ra3 {[%clk 01:13:39]}
{[%emt 00:11:19]} Nd7 {[%clk 01:17:53]} {[%emt 00:00:31]} 13. Nxe4 {[%clk
01:06:26]} {[%emt 00:07:44]} Rxe4 {[%clk 01:16:21]} {[%emt 00:02:05]} 14. Qc2
{[%clk 01:05:34]} {[%emt 00:01:20]} Rb4 {[%clk 01:13:22]} {[%emt 00:03:27]} 15.
Nd2 {[%clk 01:00:50]} {[%emt 00:05:13]} Rb8 {[%clk 00:58:04]} {[%emt 00:15:50]}
16. e4 {[%clk 00:59:17]} {[%emt 00:02:01]} b5 {[%clk 00:57:21]} {[%emt
00:01:15]} 17. a5 {[%clk 00:59:18]} {[%emt 00:00:27]} c4 {[%clk 00:50:12]}
{[%emt 00:07:47]} 18. f4 {[%clk 00:54:31]} {[%emt 00:05:11]} Nc5 {[%clk
00:50:27]} {[%emt 00:00:13]} 19. Nf3 {[%clk 00:49:02]} {[%emt 00:05:58]} Nd3
{[%clk 00:45:40]} {[%emt 00:05:17]} 20. Rxd3 {[%clk 00:46:13]} {[%emt
00:03:20]} cxd3 {[%clk 00:46:06]} {[%emt 00:00:07]} 21. Qxd3 {[%clk 00:46:17]}
{[%emt 00:00:22]} Qc7 {[%clk 00:43:04]} {[%emt 00:03:32]} 22. e5 {[%clk
00:44:08]} {[%emt 00:02:39]} Bf5 {[%clk 00:35:28]} {[%emt 00:08:30]} 23. Qd2
{[%clk 00:34:41]} {[%emt 00:09:33]} Rc4 {[%clk 00:35:30]} {[%emt 00:00:32]} 24.
exd6 {[%clk 00:28:12]} {[%emt 00:06:54]} Qc5+ {[%clk 00:34:05]} {[%emt
00:01:56]} 25. Kh1 {[%clk 00:23:53]} {[%emt 00:04:48]} Rc8 {[%clk 00:34:00]}
{[%emt 00:00:35]} 26. b4 {[%clk 00:23:41]} {[%emt 00:00:42]} Qxd6 {[%clk
00:34:15]} {[%emt 00:00:26]} 27. Ne5 {[%clk 00:22:50]} {[%emt 00:01:13]} Rc2
{[%clk 00:33:43]} {[%emt 00:01:01]} 28. Qe3 {[%clk 00:20:30]} {[%emt 00:02:48]}
R8c3 {[%clk 00:26:36]} {[%emt 00:07:37]} 29. Qa7 {[%clk 00:16:28]} {[%emt
00:04:33]} Rxc1 {[%clk 00:26:11]} {[%emt 00:00:55]} 30. Qxf7+ {[%clk 00:15:39]}
{[%emt 00:01:34]} Kh8 {[%clk 00:26:33]} 31. Rxc1 {[%clk 00:11:10]} {[%emt
00:04:49]} Rxc1+ {[%clk 00:26:58]} {[%emt 00:00:11]} 32. Kh2 {[%clk 00:11:34]}
{[%emt 00:00:08]} Qf8 {[%clk 00:26:37]} {[%emt 00:00:44]} 33. Qa7 {[%clk
00:10:20]} {[%emt 00:01:45]} Rc2 {[%clk 00:18:50]} {[%emt 00:08:15]} 34. Qd4
{[%clk 00:08:47]} {[%emt 00:02:04]} Rc4 {[%clk 00:14:16]} {[%emt 00:05:05]} 35.
Qd2 {[%clk 00:08:44]} {[%emt 00:00:33]} Qxb4 {[%clk 00:14:07]} {[%emt
00:00:45]} 36. Nxc4 {[%clk 00:08:04]} {[%emt 00:01:04]} Qxc4 {[%clk 00:14:35]}
{[%emt 00:00:08]} 37. d6 {[%clk 00:07:37]} {[%emt 00:00:50]} Qd4 {[%clk
00:14:55]} {[%emt 00:00:17]} 38. Qxd4 {[%clk 00:07:51]} {[%emt 00:00:12]} Bxd4
{[%clk 00:15:24]} {[%emt 00:00:04]} 39. g4 {[%clk 00:07:41]} {[%emt 00:00:45]}
Bd7 {[%clk 00:15:44]} {[%emt 00:00:04]} 40. Bb7 {[%clk 00:07:41]} {[%emt
00:00:26]} Bc3 {[%clk 00:15:53]} {[%emt 00:00:23]} 41. Bxa6 {[%clk 00:08:05]}
{[%emt 00:00:06]} Bxa5 {[%clk 00:16:21]} {[%emt 00:00:03]} 42. Kg3 {[%clk
00:07:29]} {[%emt 00:01:03]} Bb4 {[%clk 00:16:42]} {[%emt 00:00:33]} 43. Bb7
{[%clk 00:05:15]} {[%emt 00:02:19]} Bxd6 {[%clk 00:17:03]} {[%emt 00:00:32]} 44.
h4 {[%clk 00:05:36]} {[%emt 00:00:04]} Kg7 {[%clk 00:17:31]} 0-1

[Event "2019 US Open Invitationals (Denker, Barber, Haring, Senior)"]
[Site "Orlando, United States"]
[Date "2019.08.03"]
[Round "1.8"]
[White "Fedorowicz, John"]
[Black "Joelson, Dan"]
[Result "1-0"]
[WhiteTitle "GM"]
[WhiteElo "2487"]
[BlackElo "2021"]

1. d4 {[%clk 01:29:46]} {[%emt 00:00:45]} Nf6 {[%clk 01:30:03]} {[%emt
00:00:25]} 2. c4 {[%clk 01:29:53]} {[%emt 00:00:43]} g6 {[%clk 01:30:17]}
{[%emt 00:00:08]} 3. Nf3 {[%clk 01:29:07]} {[%emt 00:01:04]} Bg7 {[%clk
01:30:35]} {[%emt 00:00:14]} 4. g3 {[%clk 01:28:59]} {[%emt 00:01:14]} O-O
{[%clk 01:30:24]} {[%emt 00:00:08]} 5. Bg2 {[%clk 01:29:07]} {[%emt 00:00:17]}
d6 {[%clk 01:30:44]} {[%emt 00:00:19]} 6. O-O {[%clk 01:29:00]} {[%emt
00:00:31]} c6 {[%clk 01:31:11]} {[%emt 00:00:03]} 7. Nc3 {[%clk 01:29:07]}
{[%emt 00:00:20]} Qa5 {[%clk 01:31:38]} {[%emt 00:00:10]} 8. h3 {[%clk
01:27:20]} {[%emt 00:02:17]} e5 {[%clk 01:30:01]} {[%emt 00:02:07]} 9. d5
{[%clk 01:26:38]} {[%emt 00:01:31]} cxd5 {[%clk 01:30:29]} 10. cxd5 {[%clk
01:26:58]} {[%emt 00:00:08]} b5 {[%clk 01:30:56]} 11. Nd2 {[%clk 01:25:04]}
{[%emt 00:02:12]} b4 {[%clk 01:10:34]} {[%emt 00:20:54]} 12. Nce4 {[%clk
01:25:06]} {[%emt 00:00:23]} Ne8 {[%clk 01:10:12]} {[%emt 00:00:49]} 13. Nc4
{[%clk 01:19:52]} {[%emt 00:05:47]} Qa6 {[%clk 01:09:56]} {[%emt 00:00:42]} 14.
b3 {[%clk 01:19:18]} {[%emt 00:01:05]} h6 {[%clk 01:09:49]} {[%emt 00:00:34]}
15. Bb2 {[%clk 01:18:29]} {[%emt 00:01:22]} f5 {[%clk 01:04:28]} {[%emt
00:05:50]} 16. Ned2 {[%clk 01:18:52]} {[%emt 00:00:34]} Bb7 {[%clk 00:49:24]}
{[%emt 00:15:41]} 17. a3 {[%clk 01:18:45]} {[%emt 00:00:21]} Qb5 {[%clk
00:45:41]} {[%emt 00:04:33]} 18. axb4 {[%clk 01:19:01]} Na6 {[%clk 00:45:36]}
{[%emt 00:00:10]} 19. Ra5 {[%clk 01:17:26]} {[%emt 00:02:05]} Qxb4 {[%clk
00:37:47]} {[%emt 00:08:20]} 20. Ba3 {[%clk 01:17:40]} {[%emt 00:00:41]} Qc3
{[%clk 00:38:13]} 21. Rb5 {[%emt 00:02:51]} 1-0

[Event "2019 US Open Invitationals (Denker, Barber, Haring, Senior)"]
[Site "Orlando, United States"]
[Date "2019.08.03"]
[Round "1.9"]
[White "Becker, Allen"]
[Black "Burnett, Ronald"]
[Result "0-1"]
[BlackTitle "IM"]
[WhiteElo "2010"]
[BlackElo "2412"]

1. e4 {[%clk 01:30:24]} {[%emt 00:00:08]} c6 {[%clk 01:21:39]} {[%emt
00:08:50]} 2. d4 {[%clk 01:30:45]} {[%emt 00:00:26]} g6 {[%clk 01:21:42]}
{[%emt 00:00:12]} 3. Nf3 {[%clk 01:29:26]} {[%emt 00:01:46]} Bg7 {[%clk
01:21:58]} {[%emt 00:00:40]} 4. Nc3 {[%clk 01:25:24]} {[%emt 00:04:05]} d5
{[%clk 01:21:47]} {[%emt 00:00:41]} 5. e5 {[%clk 01:25:07]} {[%emt 00:00:47]}
Bg4 {[%clk 01:21:31]} {[%emt 00:00:54]} 6. Be2 {[%clk 01:21:36]} {[%emt
00:03:53]} e6 {[%clk 01:18:34]} {[%emt 00:03:27]} 7. O-O {[%clk 01:21:30]}
{[%emt 00:00:41]} Bxf3 {[%clk 01:15:12]} {[%emt 00:03:59]} 8. Bxf3 {[%clk
01:21:42]} {[%emt 00:00:09]} Nd7 {[%clk 01:15:29]} {[%emt 00:00:13]} 9. Bf4
{[%clk 01:16:17]} {[%emt 00:05:55]} Ne7 {[%clk 01:14:14]} {[%emt 00:01:57]} 10.
Re1 {[%clk 01:08:11]} {[%emt 00:08:30]} O-O {[%clk 01:12:08]} {[%emt 00:02:32]}
11. Qd2 {[%clk 01:06:11]} {[%emt 00:02:29]} c5 {[%clk 01:12:08]} {[%emt
00:00:28]} 12. Ne2 {[%clk 01:05:17]} {[%emt 00:01:25]} cxd4 {[%clk 01:05:55]}
{[%emt 00:06:39]} 13. Nxd4 {[%clk 00:56:17]} {[%emt 00:09:31]} Qb6 {[%clk
01:04:23]} {[%emt 00:02:01]} 14. c3 {[%clk 00:54:36]} {[%emt 00:02:12]} Nc6
{[%clk 01:04:28]} {[%emt 00:00:23]} 15. Nxc6 {[%clk 00:54:25]} {[%emt
00:00:42]} bxc6 {[%clk 01:04:46]} {[%emt 00:00:16]} 16. Re2 {[%clk 00:49:53]}
{[%emt 00:05:02]} Rab8 {[%clk 01:03:39]} {[%emt 00:01:33]} 17. Rae1 {[%clk
00:49:38]} {[%emt 00:00:54]} Qa6 {[%clk 01:03:50]} {[%emt 00:00:17]} 18. b3
{[%clk 00:48:36]} {[%emt 00:01:26]} c5 {[%clk 01:00:42]} {[%emt 00:03:38]} 19.
h4 {[%clk 00:44:39]} {[%emt 00:04:25]} c4 {[%clk 00:56:05]} {[%emt 00:05:15]}
20. b4 {[%clk 00:39:54]} {[%emt 00:05:08]} Qc6 {[%clk 00:52:40]} {[%emt
00:03:55]} 21. h5 {[%clk 00:36:08]} {[%emt 00:04:51]} a5 {[%clk 00:52:11]}
{[%emt 00:00:47]} 22. a3 {[%clk 00:35:33]} {[%emt 00:01:03]} Rfe8 {[%clk
00:49:55]} {[%emt 00:02:24]} 23. g3 {[%clk 00:25:57]} {[%emt 00:10:10]} Ra8
{[%clk 00:38:48]} {[%emt 00:11:33]} 24. Kg2 {[%clk 00:23:41]} {[%emt 00:02:53]}
axb4 {[%clk 00:38:17]} {[%emt 00:00:54]} 25. axb4 {[%clk 00:23:50]} {[%emt
00:00:21]} Ra3 {[%clk 00:38:40]} {[%emt 00:00:43]} 26. Rh1 {[%clk 00:22:48]}
{[%emt 00:01:09]} Rea8 {[%clk 00:38:36]} {[%emt 00:00:32]} 27. hxg6 {[%clk
00:13:33]} {[%emt 00:09:44]} fxg6 {[%clk 00:38:47]} {[%emt 00:00:16]} 28. Bh6
{[%clk 00:12:02]} {[%emt 00:01:58]} Bxh6 {[%clk 00:34:26]} {[%emt 00:04:47]} 29.
Qxh6 {[%clk 00:07:25]} {[%emt 00:05:10]} Nf8 {[%clk 00:34:04]} {[%emt
00:00:52]} 30. Re3 {[%clk 00:06:09]} {[%emt 00:01:50]} R8a7 {[%clk 00:34:14]}
{[%emt 00:00:13]} 31. Qf4 {[%clk 00:05:27]} {[%emt 00:01:13]} Qb6 {[%clk
00:31:55]} {[%emt 00:02:55]} 32. Bg4 {[%clk 00:03:34]} {[%emt 00:02:15]} Rf7
{[%clk 00:31:54]} {[%emt 00:00:34]} 33. Qg5 {[%clk 00:03:40]} {[%emt 00:00:27]}
Ra2 {[%clk 00:30:42]} {[%emt 00:01:43]} 34. Rf1 {[%clk 00:03:05]} {[%emt
00:01:00]} d4 {[%clk 00:29:51]} {[%emt 00:01:20]} 0-1